000 00838nam a2200205 4500
003 BD-RjUL
005 20230114160501.0
008 230114s1986 tu ||||| |||| 00| 0 a d
035 _a(BD-RjUL)
040 _aBD-RjUL
_beng
_cBD-RjUL
041 _aara
082 _223
_a297.2
_bBAA 1986
100 _aبغدادي, ضياء الدين الشيخ خالد البغدادي Baghdadi, Diaa al-Din Sheikh Khaled al-Baghdadi
_96561
245 1 4 _a الايمان و الاسلام al ayman w al aslam /
_cضياء الدين الشيخ خالد البغدادي البغدادي, Diaa al-Din Sheikh Khaled al-Baghdadi al-Baghdadi,
264 _a استانبول :
_bحقيقت كتاب اوى،,,
_c1986
300 _a91 p. ;
_c18 cm
650 _aFaith (Islam)
_96562
650 _a Islam Doctrines
_96563
942 _2ddc
_cBK
999 _c81066
_d81066